000 00462nam a2200157 4500
999 _c510260
_d510260
008 190808b ||||| |||| 00| 0 eng d
100 _aKumar, Avinash
_97948
245 _aCaste and educational inequalities in India
260 _c2019
300 _ap.89-107.
650 _aEducation - India
_97949
700 _aHashmi, Nazia Iqbal
_97950
773 _aIASSI Quarterly: Contributions to Indian Social Science
906 _aCaste - India
942 _2ddc
_cAR